01054 2200325 4500001002100000005001500021035002000036007000300056008004100059020002200100082001500122084001700137100003000154245014600184250003100330300004700361650002000408700002800428700003200456504003400488264003200522336002100554337003000575338002300605040002200628090002200650850001200672999002200684990002200706INLIS00000000087546420221121100638 a0010-1122000420ta221121s2022 yoia g ind d a978-623-02-4721-704223a657.42 a657.42 MAM a0 aMaman SuryamanePengarang10aAplikasi sistem pencatatan dan pembukuan pada usaha mikro kecil dan menengah di era digital /cMaman Suryaman, Edi Kusniadi, Bambang Hermanto aCetakan pertama, Juni 2022 axiv, 121 halaman :bgambar, tabel ;c23 cm 4aAkuntansi Biaya0 aEdi KusniadiePengarang0 aBambang HermantoePengarang aBibliografi : halaman 118-11931aSleman :bDeepublish,c2022 2rdacontentateks 2rdamediaatanpa perantara 2rdacarrieravolume aYOPDYOGbinderda aCB-D.11 2022-1791 aYOPDYOG aCB-D.11/2022-1791 aCB-D.11/2022-1791